A területi tervezés modellfelvételei egy adott zárt mezőgazdasági területen

Elmentve itt :
Bibliográfiai részletek
Szerző: Milassin Zs. Györgyi
További közreműködők: Dombi József (Témavezető)
Tóth Betalan (Témavezető)
Dokumentumtípus: Szakdolgozat
Megjelent: 1976
Tárgyszavak:
Online Access:http://diploma.bibl.u-szeged.hu/3891
LEADER 00677nta a2200181 i 4500
001 dipl3891
005 20110125105808.0
008 110125s1976 hu om 0|| hun d
040 |a SZTE Diploma Repozitórium  |b hun 
041 |a hun 
100 2 |a Milassin Zs. Györgyi 
245 1 2 |a A területi tervezés modellfelvételei egy adott zárt mezőgazdasági területen  |h [elektronikus dokumentum] /  |c Györgyi Milassin Zs. 
260 |c 1976 
650 4 |a Informatika 
650 4 |a Computer and information sciences 
700 0 1 |a Dombi József  |e ths 
700 0 1 |a Tóth Betalan  |e ths 
856 4 0 |u https://diploma.bibl.u-szeged.hu/id/eprint/3891/1/1976_milassin_zs_gyorgyi_267.pdf  |z Dokumentum-elérés